000 00191nam a22000977a 4500
100 _aMayaram
245 _aRashtiya pram ki kahaniya
260 _bGyanvigyan
300 _a159
942 _2ddc
_cST
999 _c4336
_d4336